| 000 | 00536nam a2200169 a 4500 | ||
|---|---|---|---|
| 001 | 000042300 | ||
| 005 | 20201002040050.0 | ||
| 008 | 131122s2013 dr 000 0 spa d | ||
| 020 | _a9789945583076 | ||
| 040 |
_aDO-SdBNP _bspa _cBNPHU |
||
| 082 |
_axxx _bM433m |
||
| 100 | 1 |
_aMatos Hued, Ylonka _d1952- _969351 |
|
| 245 | 1 | 0 |
_aMis quince años con Alzheimer / _cYlonka Matos Hued. |
| 260 |
_aSanto Domingo : _bSantuario, _c2013. |
||
| 300 |
_a98 p. ; _c23 cm. |
||
| 500 | _aIncluye datos biográficos del autor en la solapa de la cubierta. | ||
| 999 |
_c41789 _d41789 |
||